000 00739nam a22001937a 4500
999 _c11437
_d11437
003 AR-CdUCM
008 190404b ||||| |||| 00| 0 spa d
040 _aMUNICIPALIDAD PROVINCIAL DEL CUSCO
_cBIBLIOTECA MUNICIPAL DEL CUSCO
082 _a370.4 /
_bA31 / 1944
100 _aAguayo, A. M.
_928797
245 _aEnsayos sobre la educación de la post-guerra /
260 _aLa Habana :
_bCultural,
_c1944.
300 _a84 páginas ;
_c20 cm.
505 _aContenido: Educación intercultural e ínter-racial -- Enseñanza profesional -- Escuela normal de la post-guerra -- Formación del futuro ciudadano -- Incentivos de la educación ...
650 _aEducación
_9460
650 _aPerú
_935
942 _2ddc
_cLIBROS
945 _aacv